| 000 | 01104nam a2200277Ia 4500 | ||
|---|---|---|---|
| 003 | OSt | ||
| 005 | 20221005105203.0 | ||
| 006 | a|||||r|||| 00| 0 | ||
| 007 | ta | ||
| 008 | 221004b |||||||| |||| 00| 0 hin d | ||
| 020 | _a9788179752340 (hbk) | ||
| 024 | _a26741 | ||
| 037 |
_bGift, 10/05/2016, _cTextual |
||
| 040 |
_aCRL _cCRL _bhin |
||
| 041 |
_2hin _ahin |
||
| 082 | _a4,1, 152P8 | ||
| 100 | _aजगदीश्वर, चतुर्वेदी | ||
| 245 | 0 | _aवैैकल्पिक मीडिया, लोकतंत्र और नॉम चोम्स्की | |
| 246 | _aVaiaikalpik mīḍiyā, lokatantra aur naॉm chomskī | ||
| 260 |
_aनई दिल्ली _bअनामिका पब्लिशर्स भारत _c2008 |
||
| 300 |
_a220पृ0 _ccm. |
||
| 490 | _aमीडिया सिद्धान्तकार; 3 | ||
| 650 | _aहिन्दी पत्रकारिता | ||
| 942 |
_h4,1, 152P8 _cTEXL _2cc |
||
| 999 |
_c1015044 _d1015044 |
||